000 00409nam a2200169Ia 4500
003 GCL
008 140319s9999 xx 000 0 eng d
040 _aGCL /
_cGCL
082 0 4 _a290
_bC W
100 1 _aCIARKE, PETER
245 1 0 _aTHE WORLD'S RELIGIONS ISLAM /
_cCIARKE, PETER
260 _a[S.N] :
_bROUTLEDGE ،
_c1990
300 _a233 P
650 0 4 _aRELIGION
650 0 4 _aنجد
942 _2ddc
_cBK
999 _c24570
_d24570